| 000 | 00532cam a22001457a 4500 | ||
|---|---|---|---|
| 999 |
_c508450 _d508450 |
||
| 008 | 180718b-- xxu||||| |||| 00| 0 eng d | ||
| 082 | _aL806x54115 F/1994-95 | ||
| 100 |
_aArunachal Pradesh. Comptroller and Auditor General of India _93765 |
||
| 245 | _aFinance accounts, Arunachal Pradesh, 1994-95 | ||
| 260 |
_aShillong _bComptroller and Auditor General of India _c1995 |
||
| 300 | _a139p. | ||
| 500 | _aLibrary has 1991/92-2006/07, 2009/10 | ||
| 650 |
_aFinance, Public - Auditing - India - Arunachal Pradesh _93766 |
||
| 942 | _2ddc | ||